[Event "Connecticut-ch"]
[Site "Stamford"]
[Date "1997.03.01"]
[Round "1"]
[White "Krysta, Kenneth"]
[Black "Bauer, Richard N"]
[Result "0-1"]
[WhiteElo "2029"]
[BlackElo "2310"]
[PlyCount "54"]
[EventDate "1997.03.??"]
[EventType "swiss"]
[EventRounds "4"]
[EventCountry "USA"]
[SourceTitle "EXT 2005"]
[Source "ChessBase"]
[SourceDate "2004.11.15"]
[SourceVersion "1"]
[SourceVersionDate "2004.11.15"]
[SourceQuality "1"]

1. d4 Nf6 2. c4 e6 3. Nc3 Bb4 4. e3 c5 5. Nge2 cxd4 6. exd4 d5 7. a3 Be7 8. cxd5 exd5 9. g3 Nc6 10. Bg2 Bg4 11. f3 Bf5 12. 0-0 0-0 13. Bf4 Re8 14. g4 Bg6 15. Bg3 Rc8 16. h4 h6 17. Bh3 Nd7 18. h5 Bh7 19. Nxd5 Bh4 20. Kg2 Bxg3 21. Nxg3 Nb6 22. Nc3 Nc4 23. Re1 Ne3+ 24. Rxe3 Rxe3 25. d5 Rd3 26. Qa4 Rd2+ 27. Kh1 Qh4 0-1